[Event "ROM-chT"]
[Site "Mamaia"]
[Date "2019.09.22"]
[Round "2.4"]
[White "Nevednichy, Vladislav"]
[Black "Mateuta, Gabriel"]
[Result "1-0"]
[WhiteElo "2522"]
[BlackElo "2514"]
[PlyCount "113"]
[EventDate "2019.09.21"]
[EventType "team-tourn"]
[EventRounds "9"]
[EventCountry "ROU"]
[SourceTitle "EXT 2020"]
[Source "ChessBase"]
[SourceDate "2019.10.17"]
[SourceVersion "1"]
[SourceVersionDate "2019.10.17"]
[SourceQuality "1"]
[WhiteTeam "Iasi Politehnica"]
[BlackTeam "Timisoara Vest Univ"]
[WhiteTeamCountry "ROU"]
[BlackTeamCountry "ROU"]

1. e4 e6 2. d4 d5 3. Nc3 Nf6 4. Bg5 Be7 5. e5 Nfd7 6. Bxe7 Qxe7 7. f4 a6 8. Nf3 c5 9. dxc5 Nc6 10. Qd2 Nxc5 11. Qe3 b5 12. a3 Bb7 13. b4 Nd7 14. Be2 0-0 15. 0-0 f6 16. Bd3 d4 17. Nxd4 Nxd4 18. Qxd4 fxe5 19. fxe5 Qg5 20. Ne4 Qxe5 21. Rxf8+ Rxf8 22. Qxe5 Nxe5 23. Nc5 Nxd3 24. cxd3 Bc8 25. Re1 Rd8 26. Kf2 Kf7 27. Ke3 Rd5 28. Rc1 Ke7 29. h4 Re5+ 30. Ne4 Kd7 31. d4 Rh5 32. g3 h6 33. Nc5+ Kd8 34. Nd3 Rf5 35. Nc5 Rf8 36. g4 Ke7 37. Rg1 Kd6 38. g5 h5 39. Rc1 e5 40. Ne4+ Ke6 41. Rc6+ Kf5 42. Nd6+ Kg4 43. Nxc8 exd4+ 44. Kxd4 Kxh4 45. Nd6 Kxg5 46. Rxa6 h4 47. Ra7 Kh6 48. a4 bxa4 49. Rxa4 g5 50. Ke5 h3 51. Nf5+ Kh5 52. b5 g4 53. Ra7 Rb8 54. Rh7+ Kg6 55. Rg7+ Kh5 56. Kf4 Rf8 57. Ra7 1-0

[Event "Villa de Gijon op 4th"]
[Site "Gijon"]
[Date "2018.07.23"]
[Round "1"]
[White "Mateuta, Gabriel"]
[Black "Llaneza Mendez, Javier"]
[Result "1/2-1/2"]
[WhiteElo "2504"]
[BlackElo "1925"]
[PlyCount "94"]
[EventDate "2018.07.23"]
[EventType "swiss"]
[EventRounds "9"]
[EventCountry "ESP"]
[SourceTitle "CBM 185 Extra"]
[Source "ChessBase"]
[SourceDate "2018.07.29"]
[SourceVersion "1"]
[SourceVersionDate "2018.07.29"]
[SourceQuality "1"]

1. d4 d5 2. Nf3 Nf6 3. c4 e6 4. Bg5 c6 5. Nbd2 Be7 6. e3 Nbd7 7. Bd3 0-0 8. 0-0 Nh5 9. Bxe7 Qxe7 10. Qc2 h6 11. Rfe1 e5 12. cxd5 cxd5 13. dxe5 Nxe5 14. Nxe5 Qxe5 15. Nf3 Qd6 16. Rac1 Bd7 17. Qc5 Qxc5 18. Rxc5 Nf6 19. Ne5 Be6 20. Rc7 Rab8 21. f4 Ne8 22. Rc2 Nd6 23. g4 f6 24. Ng6 Rfe8 25. h3 Bf7 26. b3 d4 27. Rce2 dxe3 28. Rxe3 Rxe3 29. Rxe3 Re8 30. Kf2 Rxe3 31. Kxe3 Bxg6 32. Bxg6 Kf8 33. Kd4 Ke7 34. Kd5 Nb5 35. Kc5 Nc7 36. Be4 Ne6+ 37. Kb5 Nc7+ 38. Kc5 Ne6+ 39. Kc4 b6 40. f5 Nc7 41. Kd4 Kd6 42. Bd3 Ne8 43. Bc4 Nc7 44. h4 Ne8 45. Bf7 Nc7 46. Bc4 Ne8 47. Bf7 Nc7 1/2-1/2

[Event "ROM-chT"]
[Site "Baile Govora"]
[Date "2017.11.17"]
[Round "7.4"]
[White "Vajda, Levente"]
[Black "Mateuta, Gabriel"]
[Result "1/2-1/2"]
[WhiteElo "2596"]
[BlackElo "2497"]
[PlyCount "53"]
[EventDate "2017.11.11"]
[EventType "team-tourn"]
[EventRounds "9"]
[EventCountry "ROU"]
[SourceTitle "CBM 181 Extra"]
[Source "ChessBase"]
[SourceDate "2017.12.12"]
[SourceVersion "1"]
[SourceVersionDate "2017.12.12"]
[SourceQuality "1"]
[WhiteTeam "Baia Mare"]
[BlackTeam "Timisoara Medicina"]
[WhiteTeamCountry "ROU"]
[BlackTeamCountry "ROU"]

1. Nf3 d5 2. g3 Nd7 3. d4 e6 4. Bg2 Ngf6 5. 0-0 b5 6. a4 b4 7. c4 bxc3 8. bxc3 Ba6 9. Nbd2 Be7 10. Re1 0-0 11. Qc2 c5 12. e4 dxe4 13. Nxe4 Rc8 14. Rd1 Nxe4 15. Qxe4 Nf6 16. Qe1 Nd5 17. dxc5 Qc7 18. Nd4 Bxc5 19. Nb5 Bxb5 20. Bxd5 exd5 21. axb5 Rfe8 22. Qf1 Bb6 23. Rxd5 Qxc3 24. Bf4 Qf3 25. Rd2 h6 26. Qd1 Qxd1+ 27. Raxd1 1/2-1/2

[Event "ROM-chT"]
[Site "Baile Govora"]
[Date "2017.11.13"]
[Round "3.5"]
[White "Mateuta, Gabriel"]
[Black "Szabo, Gergely Andras"]
[Result "1/2-1/2"]
[WhiteElo "2497"]
[BlackElo "2548"]
[PlyCount "32"]
[EventDate "2017.11.11"]
[EventType "team-tourn"]
[EventRounds "9"]
[EventCountry "ROU"]
[SourceTitle "CBM 181 Extra"]
[Source "ChessBase"]
[SourceDate "2017.12.12"]
[SourceVersion "1"]
[SourceVersionDate "2017.12.12"]
[SourceQuality "1"]
[WhiteTeam "Timisoara Medicina"]
[BlackTeam "Timisoara Vest Univ"]
[WhiteTeamCountry "ROU"]
[BlackTeamCountry "ROU"]

1. d4 d5 2. Nf3 Nf6 3. c4 e6 4. g3 Be7 5. Bg2 0-0 6. 0-0 dxc4 7. Qc2 a6 8. a4 Bd7 9. Qxc4 Bc6 10. Bg5 a5 11. Nc3 Na6 12. Rac1 Bxf3 13. Bxf3 c6 14. Rfd1 Nb4 15. Bxf6 Bxf6 16. Ne4 Be7 1/2-1/2

[Event "ROM-chT"]
[Site "Calimanesti Caciulata"]
[Date "2016.11.26"]
[Round "8.4"]
[White "Cioara, Andrei Nestor"]
[Black "Mateuta, Gabriel"]
[Result "1/2-1/2"]
[WhiteElo "2433"]
[BlackElo "2492"]
[PlyCount "57"]
[EventDate "2016.11.19"]
[EventType "team-tourn"]
[EventRounds "9"]
[EventCountry "ROU"]
[SourceTitle "CBM 175 Extra"]
[Source "ChessBase"]
[SourceDate "2016.12.12"]
[SourceVersion "1"]
[SourceVersionDate "2016.12.12"]
[SourceQuality "1"]
[WhiteTeam "Ploiesti Universitar"]
[BlackTeam "Timisoara Medicina"]
[WhiteTeamCountry "ROU"]
[BlackTeamCountry "ROU"]

1. e4 c6 2. d4 d5 3. e5 c5 4. c4 e6 5. Nf3 cxd4 6. Nxd4 Nc6 7. Nc3 Bc5 8. Nxc6 bxc6 9. cxd5 exd5 10. Bd3 Ne7 11. Qh5 Ng6 12. 0-0 0-0 13. Kh1 a5 14. f4 Re8 15. Bd2 Ba6 16. Rf3 Bxd3 17. Rxd3 Qb8 18. b3 Bb4 19. Rh3 Nf8 20. Rd1 Qc8 21. Ne2 Bxd2 22. Rxd2 Qa6 23. Rd1 a4 24. b4 a3 25. Nd4 Qc4 26. Rg3 Ng6 27. Rh3 Nf8 28. Rg3 Ng6 29. Rh3 1/2-1/2

[Event "ROM-chT"]
[Site "Calimanesti Caciulata"]
[Date "2016.11.19"]
[Round "1.5"]
[White "Mateuta, Gabriel"]
[Black "Vrencian, Lehel"]
[Result "1-0"]
[WhiteElo "2492"]
[BlackElo "2244"]
[PlyCount "60"]
[EventDate "2016.11.19"]
[EventType "team-tourn"]
[EventRounds "9"]
[EventCountry "ROU"]
[SourceTitle "CBM 175 Extra"]
[Source "ChessBase"]
[SourceDate "2016.12.12"]
[SourceVersion "1"]
[SourceVersionDate "2016.12.12"]
[SourceQuality "1"]
[WhiteTeam "Timisoara Medicina"]
[BlackTeam "Otopeni"]
[WhiteTeamCountry "ROU"]
[BlackTeamCountry "ROU"]

1. d4 d5 2. Bg5 c5 3. e3 h6 4. Bh4 Qb6 5. Nc3 e6 6. a3 Nc6 7. Nf3 cxd4 8. exd4 Bd7 9. Bb5 Bd6 10. 0-0 Nge7 11. Bg3 Nf5 12. Bxd6 Nxd6 13. Be2 0-0 14. Na4 Qc7 15. Nc5 Rfc8 16. c3 a5 17. Nxd7 Qxd7 18. Ne1 Qe7 19. Nd3 Ne4 20. Re1 Qf6 21. Bf3 Ng5 22. Bg4 b6 23. g3 g6 24. h4 Ne4 25. Bf3 Nd6 26. Ne5 Rc7 27. Kg2 h5 28. Re2 Nf5 29. Nd3 Kg7 30. Qh1 b5 1-0

[Event "ROM-chT "]
[Site "Mamaia"]
[Date "2015.10.03"]
[Round "1.1"]
[White "Mateuta, Gabriel"]
[Black "Lupulescu, Constantin"]
[Result "1/2-1/2"]
[WhiteElo "2509"]
[BlackElo "2626"]
[PlyCount "30"]
[EventDate "2015.10.03"]
[EventType "team-tourn"]
[EventRounds "9"]
[EventCountry "ROU"]
[SourceTitle "CBM 168 Extra"]
[Source "ChessBase"]
[SourceDate "2015.10.29"]
[SourceVersion "1"]
[SourceVersionDate "2015.10.29"]
[SourceQuality "1"]
[WhiteTeam "Iasi Politehnica"]
[BlackTeam "Timisoara Luxten"]
[WhiteTeamCountry "ROU"]
[BlackTeamCountry "ROU"]

1. d4 d5 2. Nf3 Nf6 3. c4 e6 4. Nc3 dxc4 5. Qa4+ c6 6. Qxc4 b5 7. Qd3 Bb7 8. Bg5 a6 9. e4 b4 10. Na4 Qa5 11. Bxf6 gxf6 12. b3 Rg8 13. Nd2 Nd7 14. Nc4 Qc7 15. Qh3 c5 1/2-1/2

[Event "ROM-chT"]
[Site "Calimanesti"]
[Date "2014.11.15"]
[Round "8.5"]
[White "Lupulescu, Constantin"]
[Black "Mateuta, Gabriel"]
[Result "1/2-1/2"]
[WhiteElo "2643"]
[BlackElo "2520"]
[PlyCount "116"]
[EventDate "2014.11.08"]
[EventType "team-tourn"]
[EventRounds "9"]
[EventCountry "ROU"]
[SourceTitle "EXT 2015"]
[Source "ChessBase"]
[SourceDate "2014.11.20"]
[SourceVersion "1"]
[SourceVersionDate "2014.11.20"]
[SourceQuality "1"]
[WhiteTeam "Timisoara Luxten"]
[BlackTeam "Iasi Politehnica"]
[WhiteTeamCountry "ROU"]
[BlackTeamCountry "ROU"]

1. d4 e6 2. c4 Nf6 3. Nf3 b6 4. g3 Bb7 5. Bg2 Be7 6. 0-0 0-0 7. Re1 c5 8. d5 exd5 9. Nh4 Ne4 10. cxd5 Bxh4 11. Bxe4 Bf6 12. Nc3 d6 13. Qc2 h6 14. Bg2 Nd7 15. Bf4 Qe7 16. Rad1 Bg5 17. Bd2 Bxd2 18. Qxd2 Ba6 19. e4 b5 20. a3 Rab8 21. b4 Bc8 22. e5 cxb4 23. exd6 Qxd6 24. Ne4 Qb6 25. axb4 Ne5 26. Qf4 Nc4 27. d6 Be6 28. Nc5 Rbd8 29. d7 a5 30. Nxe6 fxe6 31. bxa5 Qxa5 32. Qg4 e5 33. Re2 Kh8 34. Be4 Rf6 35. Bc2 Qc7 36. h4 Nd6 37. Qh5 Rxd7 38. Qxe5 Qd8 39. Red2 Qf8 40. Qc5 Rd8 41. h5 Rc8 42. Qd5 Qg8 43. Bg6 Nc4 44. Re2 Rd6 45. Qxg8+ Rxg8 46. Rde1 Rb6 47. Re7 Na5 48. Ra1 Nb7 49. Ra7 Nd6 50. Re6 Rd8 51. Bc2 b4 52. Bb3 Rbb8 53. g4 Nb5 54. Rf7 Nd4 55. Ree7 Nxb3 56. Rxg7 Rd5 57. Rh7+ Kg8 58. Rhg7+ Kh8 1/2-1/2

[Event "ROM-chT"]
[Site "Calimanesti"]
[Date "2014.11.12"]
[Round "5.3"]
[White "Mateuta, Gabriel"]
[Black "Baklan, Vladimir"]
[Result "1/2-1/2"]
[WhiteElo "2520"]
[BlackElo "2651"]
[PlyCount "26"]
[EventDate "2014.11.08"]
[EventType "team-tourn"]
[EventRounds "9"]
[EventCountry "ROU"]
[SourceTitle "EXT 2015"]
[Source "ChessBase"]
[SourceDate "2014.11.20"]
[SourceVersion "1"]
[SourceVersionDate "2014.11.20"]
[SourceQuality "1"]
[WhiteTeam "Iasi Politehnica"]
[BlackTeam "Timisoara Medicina"]
[WhiteTeamCountry "ROU"]
[BlackTeamCountry "ROU"]

1. d4 Nf6 2. Nf3 g6 3. Nbd2 d5 4. e3 Bg7 5. b4 Ne4 6. c4 c6 7. Bd3 Nxd2 8. Bxd2 Bg4 9. h3 Bxf3 10. Qxf3 e5 11. cxd5 exd4 12. Qe4+ Kf8 13. dxc6 Nxc6 1/2-1/2

[Event "ROM-chT"]
[Site "Calimanesti"]
[Date "2014.11.10"]
[Round "3.4"]
[White "Mateuta, Gabriel"]
[Black "Dumitrache, Dragos Nicolae"]
[Result "1/2-1/2"]
[WhiteElo "2520"]
[BlackElo "2416"]
[PlyCount "53"]
[EventDate "2014.11.08"]
[EventType "team-tourn"]
[EventRounds "9"]
[EventCountry "ROU"]
[SourceTitle "EXT 2015"]
[Source "ChessBase"]
[SourceDate "2014.11.20"]
[SourceVersion "1"]
[SourceVersionDate "2014.11.20"]
[SourceQuality "1"]
[WhiteTeam "Iasi Politehnica"]
[BlackTeam "Terchirghol Victoria"]
[WhiteTeamCountry "ROU"]
[BlackTeamCountry "ROU"]

1. d4 d5 2. Nf3 c5 3. c4 e6 4. cxd5 exd5 5. g3 Nc6 6. Bg2 Nf6 7. 0-0 Be7 8. dxc5 Bxc5 9. Bg5 0-0 10. Qc2 Bb6 11. Nc3 Be6 12. Na4 h6 13. Nxb6 axb6 14. Bf4 Ne4 15. Be3 Rc8 16. Qd1 Nd6 17. Bd4 Nf5 18. e3 Nfxd4 19. Nxd4 Qf6 20. Nxe6 fxe6 21. e4 dxe4 22. Qe2 Nd4 23. Qxe4 Rc2 24. Rad1 Ne2+ 25. Kh1 Rxb2 26. Rd6 Nc3 27. Qxe6+ 1/2-1/2

[Event "ROM-chT"]
[Site "Mamaia"]
[Date "2013.09.04"]
[Round "5.3"]
[White "Manolache, Marius"]
[Black "Mateuta, Gabriel"]
[Result "0-1"]
[WhiteElo "2503"]
[BlackElo "2517"]
[PlyCount "148"]
[EventDate "2013.08.31"]
[EventType "team-tourn"]
[EventRounds "9"]
[EventCountry "ROU"]
[SourceTitle "CBM 156 Extra"]
[Source "ChessBase"]
[SourceDate "2013.10.22"]
[SourceVersion "1"]
[SourceVersionDate "2013.10.22"]
[SourceQuality "1"]
[WhiteTeam "Timisoara Medicina"]
[BlackTeam "Iasi Politehnica"]
[WhiteTeamCountry "ROU"]
[BlackTeamCountry "ROU"]

1. d4 e6 2. c4 Nf6 3. Nc3 Bb4 4. Nf3 c5 5. Qb3 Ne4 6. Nd2 Nxd2 7. Bxd2 Nc6 8. dxc5 Bxc5 9. Ne4 Be7 10. Qg3 0-0 11. Bc3 f6 12. 0-0-0 d5 13. e3 Nb4 14. a3 a5 15. Be2 Bd7 16. axb4 axb4 17. Nxf6+ Bxf6 18. Bxb4 Ra1+ 19. Kd2 Ra2 20. Rb1 Bxb2 21. Ke1 Rf5 22. h4 Be5 23. f4 Bf6 24. Qf3 d4 25. e4 Bc6 26. g3 Rfa5 27. Bxa5 Qxa5+ 28. Kf2 d3 29. Qxd3 Rd2 30. Qf3 Qc5+ 31. Ke1 Qd4 32. Qg4 Kf7 33. Qh5+ g6 34. Qxh7+ Bg7 35. h5 Rxe2+ 36. Kxe2 Qxe4+ 37. Kd2 Qd4+ 38. Ke2 Qe4+ 39. Kd2 Qg2+ 40. Ke3 Qxg3+ 41. Kd2 Qc3+ 42. Ke2 Qxc4+ 43. Kd2 Qxf4+ 44. Kc2 Be4+ 45. Kb3 Bd5+ 46. Kc2 Be4+ 47. Kb3 Qe3+ 48. Kb4 Qb6+ 49. Kc4 Qd4+ 50. Kb3 Qc3+ 51. Ka4 Bc2+ 52. Kb5 Qc6+ 53. Kb4 Qb6+ 54. Kc4 Qd4+ 55. Kb5 Bd3+ 56. Ka5 Qc5+ 57. Ka4 Bc2+ 58. Rb3 Qa7+ 59. Kb5 Qa6+ 60. Kc5 Qc6+ 61. Kb4 Qb6+ 62. Ka4 Qxb3+ 63. Ka5 b6+ 64. Ka6 Qa4+ 65. Kxb6 Qb4+ 66. Kc7 Qc4+ 67. Kd8 g5 68. Rf1+ Qxf1 69. Qxc2 Bf6+ 70. Kc7 Qf5 71. Qa4 Qd5 72. h6 Qd8+ 73. Kb7 Kg6 74. Qe4+ Kxh6 0-1

[Event "ROM-chT"]
[Site "Mamaia"]
[Date "2012.09.26"]
[Round "5.3"]
[White "Mateuta, Gabriel"]
[Black "Itkis, Boris"]
[Result "1/2-1/2"]
[WhiteElo "2511"]
[BlackElo "2429"]
[PlyCount "29"]
[EventDate "2012.09.22"]
[EventType "team-tourn"]
[EventRounds "9"]
[EventCountry "ROU"]
[SourceTitle "CBM 150 Extra"]
[Source "ChessBase"]
[SourceDate "2012.10.19"]
[SourceVersion "1"]
[SourceVersionDate "2012.10.19"]
[SourceQuality "1"]
[WhiteTeam "Iasi Politehnica"]
[BlackTeam "Techirghiol Victoria"]
[WhiteTeamCountry "ROU"]
[BlackTeamCountry "ROU"]

1. d4 Nf6 2. Nf3 g6 3. Nbd2 Bg7 4. e4 d6 5. Bd3 0-0 6. 0-0 Nc6 7. Re1 Nd7 8. c3 e5 9. Nb3 h6 10. Be3 Re8 11. h3 a5 12. a3 Nf6 13. Nbd2 Bd7 14. Qc2 a4 15. Rad1 1/2-1/2

[Event "ROM-chT"]
[Site "Mamaia"]
[Date "2012.09.25"]
[Round "4.3"]
[White "Baratosi, Daniel"]
[Black "Mateuta, Gabriel"]
[Result "1/2-1/2"]
[WhiteElo "2412"]
[BlackElo "2511"]
[PlyCount "26"]
[EventDate "2012.09.22"]
[EventType "team-tourn"]
[EventRounds "9"]
[EventCountry "ROU"]
[SourceTitle "CBM 150 Extra"]
[Source "ChessBase"]
[SourceDate "2012.10.19"]
[SourceVersion "1"]
[SourceVersionDate "2012.10.19"]
[SourceQuality "1"]
[WhiteTeam "Ploiesti CSU"]
[BlackTeam "Iasi Politehnica"]
[WhiteTeamCountry "ROU"]
[BlackTeamCountry "ROU"]

1. e4 c6 2. d4 d5 3. Nc3 dxe4 4. Nxe4 Bf5 5. Ng3 Bg6 6. h4 h6 7. Nf3 Nf6 8. h5 Bh7 9. Bd3 Bxd3 10. Qxd3 e6 11. Bd2 Be7 12. 0-0-0 0-0 13. Ne4 Nxe4 1/2-1/2

[Event "ROM-chT"]
[Site "Brasov"]
[Date "2011.10.12"]
[Round "5.1"]
[White "Manolache, Marius"]
[Black "Mateuta, Gabriel"]
[Result "1/2-1/2"]
[WhiteElo "2535"]
[BlackElo "2507"]
[PlyCount "68"]
[EventDate "2011.10.08"]
[EventType "team-tourn"]
[EventRounds "9"]
[EventCountry "ROU"]
[SourceTitle "CBM 144 Extra"]
[Source "ChessBase"]
[SourceDate "2011.10.28"]
[SourceVersion "1"]
[SourceVersionDate "2011.10.28"]
[SourceQuality "1"]
[WhiteTeam "Timisoara Medicina"]
[BlackTeam "Iasi Politehnica"]
[WhiteTeamCountry "ROU"]
[BlackTeamCountry "ROU"]

1. d4 e6 2. c4 Nf6 3. Nc3 Bb4 4. Nf3 b6 5. Bg5 h6 6. Bh4 g5 7. Bg3 Ne4 8. Qc2 Bb7 9. Nd2 Bxc3 10. bxc3 Nxg3 11. hxg3 Qf6 12. e3 h5 13. Rb1 d6 14. c5 dxc5 15. Ne4 Qe7 16. Nxc5 Bc6 17. Nd3 Nd7 18. c4 Be4 19. f3 Bg6 20. Qc3 0-0 21. Be2 c5 22. dxc5 Nxc5 23. Rd1 Rad8 24. Kf2 Nxd3+ 25. Bxd3 e5 26. Bxg6 fxg6 27. Rxd8 Rxd8 28. Qc2 e4 29. Rd1 Rxd1 30. Qxd1 exf3 31. Qd5+ Kh7 32. Kxf3 g4+ 33. Kf4 Qf6+ 34. Ke4 Qf2 1/2-1/2

[Event "ROM-chT"]
[Site "Baile Herculane"]
[Date "2010.09.12"]
[Round "9.23"]
[White "Mateuta, Gabriel"]
[Black "Tufa, Mihai"]
[Result "1-0"]
[WhiteElo "2503"]
[BlackElo "2028"]
[PlyCount "63"]
[EventDate "2010.09.04"]
[EventType "team-tourn"]
[EventRounds "9"]
[EventCountry "ROU"]
[SourceTitle "EXT 2021"]
[Source "ChessBase"]
[SourceDate "2020.10.23"]
[SourceVersion "1"]
[SourceVersionDate "2020.10.23"]
[SourceQuality "1"]

1. d4 Nf6 2. Nf3 e6 3. g3 d5 4. Bg2 Bd6 5. 0-0 0-0 6. c4 c6 7. Qc2 Nbd7 8. Nbd2 e5 9. cxd5 cxd5 10. dxe5 Nxe5 11. Nxe5 Bxe5 12. Nf3 Bd6 13. Rd1 Be6 14. Bg5 h6 15. Bxf6 Qxf6 16. Nd4 Be5 17. e3 Rad8 18. Rd2 Rd7 19. a4 g5 20. a5 g4 21. Qa4 a6 22. Rc1 Rfd8 23. b4 h5 24. b5 axb5 25. Qxb5 Qg5 26. Qb6 Qe7 27. Qb1 Qg5 28. Rb2 Qe7 29. Rb6 Kg7 30. Qb2 Bf6 31. Rb1 Bxd4 32. Qxd4+ 1-0

[Event "ROM-chT"]
[Site "Baile Herculane"]
[Date "2010.09.07"]
[Round "4"]
[White "Rogozenco, Dorian"]
[Black "Mateuta, Gabriel"]
[Result "1-0"]
[WhiteElo "2522"]
[BlackElo "2503"]
[PlyCount "121"]
[EventDate "2010.09.04"]
[EventType "team-tourn"]
[EventRounds "9"]
[EventCountry "ROU"]
[SourceTitle "CBM 138 Extra"]
[Source "ChessBase"]
[SourceDate "2010.10.29"]
[SourceVersion "1"]
[SourceVersionDate "2010.10.29"]
[SourceQuality "1"]

1. d4 e6 2. c4 Bb4+ 3. Nd2 b6 4. a3 Bxd2+ 5. Qxd2 Nf6 6. Nf3 Bb7 7. e3 d6 8. Bd3 Nbd7 9. Qc2 e5 10. Be2 a5 11. b3 0-0 12. Bb2 Re8 13. 0-0 Qe7 14. b4 Ra7 15. Rfc1 Be4 16. Qc3 c5 17. Rd1 exd4 18. exd4 axb4 19. axb4 Rxa1 20. Bxa1 Nf8 21. bxc5 bxc5 22. Bf1 Qb7 23. d5 N8d7 24. Nd2 Bg6 25. Qg3 Qa6 26. h3 Qa2 27. Qc3 Nb6 28. Qb2 Qxb2 29. Bxb2 Ra8 30. Ra1 Rxa1 31. Bxa1 Bc2 32. f3 Nfd7 33. Kf2 Na4 34. Ke3 f6 35. f4 Kf8 36. Bd3 Bxd3 37. Kxd3 Ke7 38. Ne4 h6 39. g4 Nab6 40. Ng3 Nc8 41. Nf5+ Kf7 42. Bc3 Nf8 43. Ba5 Ng6 44. Bc7 Nxf4+ 45. Ke3 Nxh3 46. Nxd6+ Nxd6 47. Bxd6 g6 48. Bxc5 Ng5 49. Bd6 h5 50. gxh5 gxh5 51. c5 Ke8 52. c6 h4 53. Bf4 Ke7 54. Kd4 h3 55. d6+ Ke6 56. d7 Nf7 57. Kc5 Ke7 58. Kb6 Nd8 59. Bc7 Ne6 60. Kb7 f5 61. Kc8 1-0

[Event "ROM-chT"]
[Site "Baile Herculane"]
[Date "2010.09.06"]
[Round "3"]
[White "Mateuta, Gabriel"]
[Black "Ionescu, Mihai"]
[Result "1-0"]
[WhiteElo "2503"]
[BlackElo "2342"]
[PlyCount "95"]
[EventDate "2010.09.04"]
[EventType "team-tourn"]
[EventRounds "9"]
[EventCountry "ROU"]
[SourceTitle "CBM 138 Extra"]
[Source "ChessBase"]
[SourceDate "2010.10.29"]
[SourceVersion "1"]
[SourceVersionDate "2010.10.29"]
[SourceQuality "1"]

1. c4 Nf6 2. Nc3 c6 3. e4 e5 4. Nf3 Bb4 5. Qc2 d6 6. a3 Bxc3 7. dxc3 h6 8. h3 Qe7 9. Be3 Nbd7 10. Nh4 Nc5 11. Nf5 Bxf5 12. exf5 a5 13. a4 Qc7 14. Be2 Rd8 15. g4 Ke7 16. 0-0-0 Qb6 17. h4 Qb3 18. Qxb3 Nxb3+ 19. Kc2 Nc5 20. b4 Ncd7 21. Bf3 Ra8 22. Kb3 e4 23. Be2 Ne5 24. Rhg1 axb4 25. cxb4 Rhd8 26. g5 hxg5 27. hxg5 Ne8 28. Bb6 Rd7 29. Rd4 d5 30. Bc5+ Kd8 31. cxd5 cxd5 32. Rgd1 Nc7 33. b5 Rc8 34. Bb6 Ke7 35. Bc5+ Kd8 36. Bf8 f6 37. b6 Ke8 38. Ba3 Nc6 39. bxc7 Nxd4+ 40. Rxd4 Rdxc7 41. Bh5+ Kd8 42. Rxd5+ Rd7 43. Rxd7+ Kxd7 44. Bf7 Kc6 45. g6 Rh8 46. Be7 Rh3+ 47. Kc4 Rh4 48. Kd4 1-0

[Event "ROM-chT"]
[Site "Eforie Nord"]
[Date "2009.09.23"]
[Round "5"]
[White "Moldovan, Daniel"]
[Black "Mateuta, Gabriel"]
[Result "1/2-1/2"]
[WhiteElo "2444"]
[BlackElo "2496"]
[PlyCount "20"]
[EventDate "2009.09.19"]
[EventType "team"]
[EventRounds "9"]
[EventCountry "ROU"]
[SourceTitle "CBM 132 Extra"]
[Source "ChessBase"]
[SourceDate "2009.11.03"]
[SourceVersion "1"]
[SourceVersionDate "2009.11.03"]
[SourceQuality "1"]

1. e4 e6 2. d4 d5 3. Nc3 dxe4 4. Nxe4 Bd7 5. Nf3 Bc6 6. Bd3 Be7 7. 0-0 Nf6 8. Nxf6+ Bxf6 9. c3 Nd7 10. Re1 0-0 1/2-1/2

[Event "ROM-chT"]
[Site "Eforie Nord"]
[Date "2009.09.19"]
[Round "1"]
[White "Mateuta, Gabriel"]
[Black "Dobre, Claudiu Cristian"]
[Result "1/2-1/2"]
[WhiteElo "2496"]
[BlackElo "2283"]
[PlyCount "120"]
[EventDate "2009.09.19"]
[EventType "team"]
[EventRounds "9"]
[EventCountry "ROU"]
[SourceTitle "CBM 132 Extra"]
[Source "ChessBase"]
[SourceDate "2009.11.03"]
[SourceVersion "1"]
[SourceVersionDate "2009.11.03"]
[SourceQuality "1"]

1. d4 Nf6 2. Nf3 c5 3. d5 e6 4. c4 b5 5. dxe6 fxe6 6. cxb5 d5 7. Bf4 Bd6 8. Bxd6 Qxd6 9. Nbd2 Nbd7 10. g3 0-0 11. Bh3 Qe7 12. 0-0 e5 13. e4 dxe4 14. Ng5 e3 15. fxe3 Nb6 16. Qb3+ Kh8 17. Bxc8 Raxc8 18. Nc4 h6 19. Nf3 Nxc4 20. Qxc4 e4 21. Nh4 Kh7 22. Rad1 g6 23. Ng2 g5 24. Rf5 Nd7 25. Rdf1 Rxf5 26. Rxf5 Kg6 27. g4 Nb6 28. Qc2 c4 29. a4 c3 30. bxc3 Rc4 31. a5 Na4 32. Qb3 Qe6 33. b6 axb6 34. a6 Nxc3 35. a7 Ne2+ 36. Kf2 Nc1 37. Qd1 Nd3+ 38. Kg1 Qc6 39. Rf1 Ra4 40. Qb3 Rxa7 41. h4 Kg7 42. hxg5 hxg5 43. Rb1 Ne5 44. Qxb6 Qxb6 45. Rxb6 Nxg4 46. Rb1 Ra2 47. Rc1 Rb2 48. Ra1 Kf7 49. Ra7+ Ke6 50. Ra6+ Kd7 51. Ne1 Re2 52. Ng2 Nxe3 53. Nxe3 Rxe3 54. Rg6 Ke7 55. Rxg5 Kf6 56. Ra5 Rf3 57. Kg2 Ke6 58. Rb5 Rf7 59. Ra5 Kd6 60. Rh5 Rf4 1/2-1/2

[Event "Oberliga Sued W 0809"]
[Site "Germany"]
[Date "2009.03.30"]
[Round "9.1"]
[White "Muranyi, Karl Jasmin"]
[Black "Mateuta, Gabriel"]
[Result "0-1"]
[WhiteElo "2399"]
[BlackElo "2513"]
[PlyCount "92"]
[EventDate "2008.10.05"]
[EventType "team-tourn"]
[EventRounds "11"]
[EventCountry "GER"]
[SourceTitle "EXT 2012"]
[Source "ChessBase"]
[SourceDate "2011.11.24"]
[SourceVersion "1"]
[SourceVersionDate "2011.11.24"]
[SourceQuality "1"]
[WhiteTeam "Illingen"]
[BlackTeam "Schwarzenbach"]
[WhiteTeamCountry "GER"]
[BlackTeamCountry "GER"]

1. d4 Nf6 2. c3 d6 3. Bf4 Nbd7 4. Nf3 Nh5 5. Be3 g6 6. h3 c6 7. c4 Bg7 8. Nc3 0-0 9. Qd2 b5 10. cxb5 cxb5 11. Nxb5 Nhf6 12. Nc3 Nb6 13. Bg5 Nc4 14. Qc1 Bb7 15. e3 Bxf3 16. gxf3 Rc8 17. Bxc4 Rxc4 18. Qd2 Qd7 19. Ke2 Rfc8 20. Bxf6 Bxf6 21. Rac1 Qe6 22. Kf1 Qf5 23. Ke2 Qe6 24. Kf1 Qf5 25. Ke2 d5 26. Qd3 Qh5 27. b3 R4c6 28. a3 Kg7 29. Na2 Rxc1 30. Rxc1 Rxc1 31. Nxc1 Qxh3 32. Qb5 Qh1 33. Nd3 Qb1 34. a4 h5 35. Nf4 e6 36. Qb7 Qc2+ 37. Kf1 Qf5 38. Qxa7 h4 39. a5 h3 40. Nxh3 Qxh3+ 41. Ke2 Qh2 42. a6 Bh4 43. Qb7 Qxf2+ 44. Kd1 Qxe3 45. Kc2 Qe2+ 46. Kb1 Be1 0-1

[Event "EU-ch 9th"]
[Site "Plovdiv"]
[Date "2008.04.27"]
[Round "7"]
[White "Mateuta, Gabriel"]
[Black "Perunovic, Miodrag"]
[Result "1-0"]
[WhiteElo "2504"]
[BlackElo "2420"]
[PlyCount "51"]
[EventDate "2008.04.21"]
[EventType "swiss"]
[EventRounds "11"]
[EventCountry "BUL"]
[SourceTitle "CBM 124"]
[Source "ChessBase"]
[SourceDate "2008.05.28"]
[SourceVersion "1"]
[SourceVersionDate "2008.05.28"]
[SourceQuality "1"]

1. d4 Nf6 2. Nf3 e6 3. c4 b6 4. g3 Ba6 5. b3 Bb4+ 6. Bd2 Be7 7. Nc3 0-0 8. Bg2 c6 9. d5 cxd5 10. cxd5 Bb7 11. Nh4 Nxd5 12. Nxd5 Bxd5 13. Bxd5 exd5 14. Nf5 Bf6 15. Rc1 Qe8 16. 0-0 Qe6 17. Bb4 Qxf5 18. Bxf8 Kxf8 19. e4 dxe4 20. Qd6+ Ke8 21. Rc8+ Bd8 22. Qc7 Qf6 23. Qb7 Nc6 24. Qxa8 h5 25. Re1 Qe6 26. Rxd8+ 1-0